000 00245nam a2200097Ia 4500
001 690279
005 20250826161813.0
008 250824s9999 xx 000 0 und d
245 0 _aHep O Şarkı
_cYakup Kadri Karaosmanoğlu
260 _bİLETİŞİM
999 _c690279
_d690279